000 00564nam a2200229Ia 4500
003 OSt
005 20220918231106.0
006 a|||||r|||| 00| 0
007 ta
008 220917b |||||||| |||| 00| 0 eng d
024 _a263,143
037 _cTextual
040 _aARTS
_cARTS
_beng
041 _2eng
_aeng
082 _aO111,2J80x, L2
100 _aGunby
_9153800
245 0 _aJohn webster Three Plays
260 _c1972
650 _aENGLISH LITERATURE
942 _hO111,2J80x, L2
_cTEXL
_2CC
999 _c289852
_d289852